MARC

LEADER 00000nam0a2200000 4500
001 272609
005 20231101234542.0
035 |a (RuTPU)RU\TPU\book\295816 
090 |a 272609 
100 |a 20141020d1987 m y0rusy50 ca 
101 0 |a rus 
102 |a RU 
105 |a a j 001zy 
200 1 |a Теория механизмов и детали точных приборов  |e учебное пособие для техникумов  |f Г. Н. Андреев, Б. Н. Марков, Е. И. Педь 
210 |a Москва  |c Машиностроение  |d 1987 
215 |a 270 с.  |c ил. 
225 1 |a Для техникумов 
320 |a Библиогр.: с. 263-264 
320 |a Предметный указатель: с. 265-266 
606 1 |a Механизмы и машины  |x Теория  |2 stltpush  |3 (RuTPU)RU\TPU\subj\64695  |9 81456 
606 1 |a Точные приборы  |x Детали  |2 stltpush  |3 (RuTPU)RU\TPU\subj\61150  |9 78358 
610 1 |a структура 
610 1 |a кинематика 
610 1 |a кинематическое исследование 
610 1 |a трение 
610 1 |a динамика 
610 1 |a передаточные механизмы 
610 1 |a рычажные механизмы 
610 1 |a кулачковые механизмы 
610 1 |a зубчатые передачи 
610 1 |a винтовые механизмы 
610 1 |a фрикционные передачи 
610 1 |a точные приборы 
610 1 |a упругие элементы 
610 1 |a оси 
610 1 |a валы 
610 1 |a муфты 
610 1 |a регуляторы скорости 
610 1 |a успокоители 
610 1 |a корпуса 
610 1 |a отсчетные устройства 
610 1 |a регистрирующие приборы 
675 |a 621.01(075.32)  |v 3 
675 |a 681.1-2(075.32)  |v 3 
700 1 |a Андреев  |b Г. Н.  |g Геннадий Николаевич 
701 1 |a Марков  |b Б. Н.  |g Борис Николаевич 
701 1 |a Педь  |b Е. И.  |g Евгений Иванович 
801 1 |a RU  |b 63413507  |c 20141020 
801 2 |a RU  |b 63413507  |c 20161229  |g RCR 
942 |c BK